00545 2200181 4500001002100000005001500021035002000036007000300056008004100059020001800100082001300118084001900131100002300150245009900173260004500272300002600317650002000343INLIS00000000000142120260428031956 a0010-0426000004ta260428 0 ind  a9786020681276 a899.2213 a899.2213 KUR s0 aKurniawan, Andreas1 aSeorang Wanita yang Ingin Menjadi Pohon Semangka di Kehidupan Berikutnya /cKurniawan, Andreas aJakarta :bGramedia Pustaka Utama,c2026 a202 hlm ;c20x13,5 cm aFIKSI INDONESIA